[Event "Rimouski op"]
[Site "Rimouski CAN"]
[Date "1982.11.02"]
[Round "1"]
[White "Fredette, Pierre"]
[Black "Laroche, Claude"]
[Result "0-1"]
[WhiteElo "1400"]
[BlackElo "1747"]
[PlyCount "86"]
[GameId "2160767912811204"]
[EventDate "1982.11.02"]
[EventType "swiss"]
[EventRounds "3"]
[EventCountry "CAN"]
[SourceTitle "Rimouski Echecs 01 2.2"]

1. e4 c5 2. Nf3 d6 3. d4 cxd4 4. Nxd4 Nc6 5. Bb5 Bd7 6. Nc3 e6 7. Nde2 Nf6 8. Bf4 Qc7 9. O-O Be7 10. Re1 O-O 11. b3 a6 12. Bxc6 Bxc6 13. Ng3 e5 14. Bg5 Rac8 15. Nf5 Rfd8 16. Bxf6 Bxf6 17. Qf3 b5 18. a3 Bb7 19. Re3 d5 20. exd5 e4 21. Rxe4 Qxc3 22. Qxc3 Bxc3 23. Ne7+ Kf8 24. Rd1 Rc7 25. Re3 Rxe7 26. Rxc3 Red7 27. Kf1 Rxd5 28. Rxd5 Rxd5 29. Rd3 Rxd3 30. cxd3 Ke7 31. d4 Ke6 32. Ke2 Bxg2 33. f3 Kd5 34. Ke3 h6 35. f4 g5 36. b4 gxf4+ 37. Kxf4 Kxd4 38. h4 Bh3 39. Kg3 Be6 40. Kf4 Kc3 41. Ke5 Kb3 42. Kf6 Kxa3 43. Kg7 h5 0-1

[Event "Rimouski op"]
[Site "Rimouski CAN"]
[Date "1982.11.02"]
[Round "1"]
[White "Gagnon, Pierre"]
[Black "Soucy, Hermil"]
[Result "1/2-1/2"]
[WhiteElo "1652"]
[BlackElo "1469"]
[PlyCount "87"]
[GameId "2160767912811205"]
[EventDate "1982.11.02"]
[EventType "swiss"]
[EventRounds "3"]
[EventCountry "CAN"]
[SourceTitle "Rimouski Echecs 01 2.1"]

1. e4 e5 2. Nf3 Nc6 3. Bb5 d6 4. d4 Bd7 5. d5 Nb8 6. Bxd7+ Nxd7 7. c4 Be7 8. Nc3 a6 9. O-O Ngf6 10. Be3 c5 11. Nd2 O-O 12. f3 Nh5 13. g4 Bg5 14. Bf2 Nf4 15. Bg3 Nb6 16. Ne2 Nxe2+ 17. Qxe2 Bxd2 18. Qxd2 Nxc4 19. Qc3 b5 20. Rf2 Nb6 21. Raf1 a5 22. f4 Nd7 23. f5 Nf6 24. Qf3 Qb6 25. g5 Nd7 26. Kh1 b4 27. Qh5 f6 28. g6 h6 29. Rf3 Qb5 30. Be1 Qe2 31. Qh4 Rfc8 32. Kg1 Qxb2 33. Rh3 Qc1 34. Qf2 Qf4 35. Qg2 Qc1 36. Bd2 Qb2 37. Rf2 Qa1+ 38. Rf1 Qxa2 39. Rf2 Qa1+ 40. Rf1 Qb2 41. Rf2 Qb1+ 42. Rf1 Qb2 43. Rf2 Qb1+ 44. Rf1 1/2-1/2

[Event "Rimouski op"]
[Site "Rimouski CAN"]
[Date "1982.11.02"]
[Round "1"]
[White "Larivee, Jacques"]
[Black "Gagnon, Pierre"]
[Result "1/2-1/2"]
[WhiteElo "1971"]
[BlackElo "1652"]
[PlyCount "61"]
[GameId "2160767912811206"]
[EventDate "1982.11.02"]
[EventType "swiss"]
[EventRounds "3"]
[EventCountry "CAN"]
[SourceTitle "Rimouski Echecs 01 2.1"]

1. Nf3 Nf6 2. b3 g6 3. Bb2 Bg7 4. e3 c5 5. Be2 O-O 6. O-O d6 7. d4 Nbd7 8. Nbd2 Qc7 9. c4 e5 10. Qc2 Re8 11. d5 b5 12. e4 bxc4 13. Nxc4 Nb6 14. Nfd2 Nfd7 15. Bc3 Nxc4 16. Nxc4 Nb6 17. Ba5 Ba6 18. Nxd6 Qxd6 19. Bxa6 Rab8 20. Rac1 Nxd5 21. Bc4 Nb4 22. Bxb4 cxb4 23. Rfd1 Qe7 24. Rd5 Red8 25. Rcd1 Rxd5 26. Rxd5 Rd8 27. Qd2 Rxd5 28. Qxd5 Bf8 29. Kf1 Qc7 30. Ke2 Bc5 31. f3 1/2-1/2

[Event "Rimouski op"]
[Site "Rimouski CAN"]
[Date "1982.11.02"]
[Round "3"]
[White "Gagne, Marc-Donald"]
[Black "Chevalier, Francois"]
[Result "0-1"]
[WhiteElo "1876"]
[BlackElo "1863"]
[PlyCount "76"]
[GameId "2160767912811207"]
[EventDate "1982.11.02"]
[EventType "swiss"]
[EventRounds "3"]
[EventCountry "CAN"]
[SourceTitle "Rimouski Echecs 01 2.2"]

1. e4 c5 2. Nf3 e6 3. d4 cxd4 4. Nxd4 Nf6 5. Nc3 d6 6. Bg5 Be7 7. Bd3 Nxe4 8. Bxe7 Nxc3 9. Qg4 Qxe7 10. Qxg7 Qf8 11. Qxf8+ Kxf8 12. bxc3 Nd7 13. Rb1 Nc5 14. Nb5 Ke7 15. Nc7 Rb8 16. Na6 Nxa6 17. Bxa6 b6 18. Bxc8 Rbxc8 19. Rb3 Rc7 20. Kd2 Rg8 21. g3 Rg5 22. Ra3 Rgc5 23. Rb1 Rh5 24. h4 Rf5 25. Ke2 Rfc5 26. Kd2 d5 27. Rb4 f5 28. Rba4 a5 29. Rb3 R7c6 30. Rba3 e5 31. Rb3 Kd6 32. Rba3 Rc4 33. Kd3 e4+ 34. Kd2 h5 35. Rxc4 dxc4 36. Ke3 Ke5 37. Ra4 Rc5 38. f4+ Kd5 0-1

[Event "Rimouski op"]
[Site "Rimouski CAN"]
[Date "1982.11.16"]
[Round "3"]
[White "Laroche, Claude"]
[Black "Larivee, Jacques"]
[Result "0-1"]
[WhiteElo "1747"]
[BlackElo "1971"]
[PlyCount "68"]
[GameId "2160767912811208"]
[EventDate "1982.11.02"]
[EventType "swiss"]
[EventRounds "3"]
[EventCountry "CAN"]
[SourceTitle "Rimouski Echecs 01 2.1"]

1. e4 e5 2. Nf3 Nc6 3. Bb5 a6 4. Ba4 Nf6 5. O-O b5 6. Bb3 Be7 7. c3 O-O 8. Re1 d5 9. exd5 Nxd5 10. Nxe5 Nxe5 11. Rxe5 c6 12. Bxd5 cxd5 13. Qf3 Bd6 14. Re1 Qh4 15. g3 Bg4 16. Qxd5 Qh3 17. d4 Rad8 18. Qg2 Qh5 19. Be3 Bh3 20. Qh1 f5 21. f4 g5 22. Kf2 gxf4 23. gxf4 Qh4+ 24. Ke2 Bxf4 25. Bxf4 Qxf4 26. Nd2 Bg4+ 27. Kd3 b4 28. Qg1 bxc3 29. bxc3 Kh8 30. Re7 Rfe8 31. Rae1 Rxe7 32. Rxe7 Qd6 33. Rb7 Qg6 34. Re7 Be2+ 0-1

[Event "Roger Lemelin"]
[Site "Montreal CAN"]
[Date "1982.10.09"]
[Round "1"]
[White "Bolduc, Steve"]
[Black "Gendron, Bernard"]
[Result "1-0"]
[WhiteElo "2131"]
[BlackElo "1840"]
[PlyCount "55"]
[GameId "2160767912811244"]
[EventDate "1982.10.09"]
[EventType "swiss"]
[EventRounds "6"]
[EventCountry "CAN"]
[SourceTitle "EXT 2022"]
[Source "ChessBase"]
[SourceDate "2021.10.06"]
[SourceVersion "1"]
[SourceVersionDate "2021.10.06"]
[SourceQuality "1"]

1. c4 e6 2. Nc3 d5 3. d4 Be7 4. Nf3 Nf6 5. Bg5 O-O 6. e3 h6 7. Bh4 b6 8. Rc1 Bb7 9. Be2 Nbd7 10. cxd5 exd5 11. O-O c5 12. dxc5 bxc5 13. Qc2 Rc8 14. Rfd1 Qb6 15. b3 Qe6 16. Bd3 Ne4 17. Nxe4 Bxh4 18. Nc3 Be7 19. Bf5 Qc6 20. Nxd5 Bd6 21. Be4 Qa6 22. Nc3 Rc7 23. Bxb7 Rxb7 24. Qe4 Rfb8 25. Qd5 Bf8 26. Ne4 Nf6 27. Nxf6+ Qxf6 28. Ne5 1-0

[Event "Roger Lemelin"]
[Site "Montreal CAN"]
[Date "1982.10.09"]
[Round "1"]
[White "Menis, Jean"]
[Black "Morin, Louis"]
[Result "0-1"]
[WhiteElo "1323"]
[BlackElo "1893"]
[PlyCount "28"]
[GameId "2160767912811246"]
[EventDate "1982.10.09"]
[EventType "swiss"]
[EventRounds "6"]
[EventCountry "CAN"]
[SourceTitle "hb 2013"]

1. e4 c5 2. Nf3 e6 3. c3 Nc6 4. d4 d5 5. e5 Qb6 6. Be3 Qxb2 7. Nbd2 c4 8. Qc1 Ba3 9. Qd1 Qxc3 10. Be2 Nb4 11. O-O Qc2 12. Qe1 Nd3 13. Bxd3 cxd3 14. Rc1 Qxc1 0-1

[Event "Roger Lemelin"]
[Site "Montreal CAN"]
[Date "1982.10.09"]
[Round "2"]
[White "Morin, Louis"]
[Black "Williams, Leo"]
[Result "1-0"]
[WhiteElo "1893"]
[BlackElo "2108"]
[PlyCount "113"]
[GameId "2160767912811247"]
[EventDate "1982.10.09"]
[EventType "swiss"]
[EventRounds "6"]
[EventCountry "CAN"]
[SourceTitle "hb 2013"]

1. e4 Nf6 2. Nc3 d5 3. e5 Nfd7 4. d4 c5 5. e6 fxe6 6. dxc5 a6 7. Nf3 Nc6 8. Be3 Nf6 9. Bf4 g6 10. Be2 Bg7 11. Qd2 Qa5 12. O-O O-O 13. a3 Nh5 14. b4 Bxc3 15. bxa5 Bxd2 16. Bxd2 Nf4 17. Bd1 e5 18. Ne1 Bd7 19. f3 Rad8 20. Nd3 Nxd3 21. cxd3 Bf5 22. Bc2 Nd4 23. Bb1 Nb3 24. Ra2 Nxc5 25. Bb4 Rc8 26. Rd1 Rfe8 27. g4 Be6 28. Rc2 Nb3 29. Rxc8 Rxc8 30. Bxe7 Nxa5 31. Bd6 Nc6 32. Re1 Re8 33. Bxe5 Bxg4 34. fxg4 Rxe5 35. Rxe5 Nxe5 36. Ba2 Nxd3 37. Bxd5+ Kf8 38. Bxb7 Nc5 39. Bd5 Ke7 40. Ba2 Kf6 41. Kg2 Kg5 42. Kf3 h5 43. gxh5 gxh5 44. Bc4 Kh4 45. Bf1 Kg5 46. Ke3 a5 47. Kd4 Nb7 48. Bg2 Nd6 49. Kc5 Nf5 50. Kb5 Ne3 51. Bb7 Kg4 52. Bc8+ Kf3 53. a4 Kg2 54. Kxa5 Nc4+ 55. Kb4 Nd6 56. Bd7 Kxh2 57. a5 1-0

[Event "Roger Lemelin"]
[Site "Montreal CAN"]
[Date "1982.10.10"]
[Round "3"]
[White "Alain, Benoit"]
[Black "Bolduc, Steve"]
[Result "0-1"]
[WhiteElo "1925"]
[BlackElo "2131"]
[PlyCount "64"]
[GameId "2160767912811249"]
[EventDate "1982.10.09"]
[EventType "swiss"]
[EventRounds "6"]
[EventCountry "CAN"]
[SourceTitle "EXT 2022"]
[Source "ChessBase"]
[SourceDate "2021.10.06"]
[SourceVersion "1"]
[SourceVersionDate "2021.10.06"]
[SourceQuality "1"]

1. Nf3 Nf6 2. c4 g6 3. d4 Bg7 4. Nc3 O-O 5. e4 d6 6. Be2 Nbd7 7. O-O e5 8. Re1 c6 9. Bf1 a5 10. b3 Re8 11. Bb2 exd4 12. Nxd4 Nc5 13. Qc2 Ng4 14. Rad1 Qe7 15. a3 Bd7 16. f3 Ne5 17. f4 Ng4 18. h3 Nf6 19. e5 Nh5 20. Nf3 Nxf4 21. exd6 Qd8 22. b4 axb4 23. axb4 Bf5 24. Qd2 Ncd3 25. g4 Nxe1 26. Nxe1 Bh6 27. Qd4 Nxh3+ 28. Kh2 Be3 29. Qh8+ Kxh8 30. Nd5+ Kg8 31. Nf6+ Qxf6 32. Bxf6 Nf2 0-1

[Event "Roger Lemelin"]
[Site "Montreal CAN"]
[Date "1982.10.10"]
[Round "4"]
[White "Bolduc, Steve"]
[Black "Billyard, Ron"]
[Result "0-1"]
[WhiteElo "2131"]
[BlackElo "2085"]
[PlyCount "84"]
[GameId "2160767912811251"]
[EventDate "1982.10.09"]
[EventType "swiss"]
[EventRounds "6"]
[EventCountry "CAN"]
[SourceTitle "EXT 2022"]
[Source "ChessBase"]
[SourceDate "2021.10.06"]
[SourceVersion "1"]
[SourceVersionDate "2021.10.06"]
[SourceQuality "1"]

1. d4 d5 2. c4 dxc4 3. Nf3 Nf6 4. e3 Bg4 5. Bxc4 e6 6. Nbd2 Nbd7 7. Qb3 Nb6 8. Be2 Be7 9. a4 O-O 10. a5 Nbd5 11. O-O Nb4 12. Ra4 Nfd5 13. Ne4 Bf5 14. Nfd2 b6 15. g4 Bg6 16. f4 f5 17. Nf2 Be8 18. Ra1 c5 19. Nf3 Nc6 20. gxf5 cxd4 21. e4 Ndb4 22. axb6 Qxb6 23. Bc4 Kh8 24. Bxe6 Bh5 25. Ne5 Nxe5 26. fxe5 Be2 27. Re1 d3 28. Bd2 Bc5 29. Bxb4 Bxf2+ 30. Kg2 Qe3 31. Rxe2 Qxe2 32. Qd1 Qxe4+ 33. Kxf2 Qxb4 34. b3 Qd4+ 35. Kg2 Qxe5 36. Ra4 Rad8 37. Rh4 g6 38. Qg4 Qe2+ 39. Qxe2 dxe2 40. Kf2 gxf5 41. Rh3 Rfe8 42. Re3 Rd6 0-1

[Event "Roger Lemelin"]
[Site "Montreal CAN"]
[Date "1982.10.10"]
[Round "4"]
[White "Pageau, Roger"]
[Black "Morin, Louis"]
[Result "0-1"]
[WhiteElo "1975"]
[BlackElo "1893"]
[PlyCount "74"]
[GameId "2160767912811252"]
[EventDate "1982.10.09"]
[EventType "swiss"]
[EventRounds "6"]
[EventCountry "CAN"]
[SourceTitle "hb 2013"]

1. d4 d5 2. Bf4 Nf6 3. e3 Bg4 4. f3 Bf5 5. g4 Bc8 6. h4 c5 7. c3 Nc6 8. Bd3 Nd7 9. Bb5 e6 10. Ne2 Be7 11. Bg3 Qb6 12. a4 a6 13. Bxc6 bxc6 14. Ra2 a5 15. h5 Ba6 16. b3 cxd4 17. exd4 Rc8 18. f4 c5 19. O-O cxd4 20. cxd4 Nf6 21. Nec3 Bxf1 22. Kxf1 Bb4 23. Nb5 Ne4 24. Be1 Bxe1 25. Qxe1 Kd7 26. Nd2 Nxd2+ 27. Rxd2 Rc6 28. Qe2 Rhc8 29. Kg2 Rc1 30. g5 Rb1 31. Qd3 Rcc1 32. Qxh7 Rg1+ 33. Kf2 Qb8 34. Ke3 Rxb3+ 35. Kf2 Rbg3 36. Rd3 Qxf4+ 37. Ke2 R3g2# 0-1

[Event "Roger Lemelin"]
[Site "Montreal CAN"]
[Date "1982.10.11"]
[Round "5"]
[White "Billyard, Ron"]
[Black "Morin, Louis"]
[Result "0-1"]
[WhiteElo "2139"]
[BlackElo "1893"]
[PlyCount "36"]
[GameId "2160767912811254"]
[EventDate "1982.10.09"]
[EventType "swiss"]
[EventRounds "6"]
[EventCountry "CAN"]
[SourceTitle "hb 2013"]

1. e4 e5 2. Nf3 d6 3. d4 Nf6 4. Nc3 Nbd7 5. Bc4 Be7 6. O-O O-O 7. dxe5 dxe5 8. Bg5 c6 9. Qe2 Bd6 10. Rad1 Qe7 11. h3 Bc7 12. Nh4 Nb6 13. Bb3 Be6 14. Bxe6 fxe6 15. Rd3 Nc4 16. Rfd1 Nb6 17. Rd7 Nbxd7 18. Rxd7 Qxd7 0-1

[Event "Roger Lemelin"]
[Site "Montreal CAN"]
[Date "1982.10.11"]
[Round "5"]
[White "Pageau, Roger"]
[Black "Bolduc, Steve"]
[Result "1-0"]
[WhiteElo "1985"]
[BlackElo "2131"]
[PlyCount "61"]
[GameId "2160767912811255"]
[EventDate "1982.10.09"]
[EventType "swiss"]
[EventRounds "6"]
[EventCountry "CAN"]
[SourceTitle "EXT 2022"]
[Source "ChessBase"]
[SourceDate "2021.10.06"]
[SourceVersion "1"]
[SourceVersionDate "2021.10.06"]
[SourceQuality "1"]

1. d4 Nf6 2. c4 g6 3. Nc3 Bg7 4. e4 d6 5. h3 O-O 6. Be3 e5 7. d5 Nbd7 8. g4 Nc5 9. f3 a5 10. Qd2 Ne8 11. h4 f5 12. gxf5 gxf5 13. O-O-O Nf6 14. exf5 Bxf5 15. h5 Qe7 16. h6 Bh8 17. Nh3 Bg6 18. Rg1 Nfd7 19. Ng5 Rf4 20. Nce4 Nxe4 21. fxe4 Nc5 22. Bxc5 dxc5 23. d6 Qxd6 24. Qe3 Qe7 25. Bh3 Rd8 26. Rxd8+ Qxd8 27. Ne6 Qf6 28. Qxc5 Rxe4 29. Qxc7 Bg7 30. hxg7 Bf7 31. Qc8+ 1-0

[Event "Roger Lemelin"]
[Site "Montreal CAN"]
[Date "1982.10.11"]
[Round "6"]
[White "Bolduc, Steve"]
[Black "Cuerrier, Alain"]
[Result "1-0"]
[WhiteElo "2131"]
[BlackElo "1844"]
[PlyCount "99"]
[GameId "2160767912811257"]
[EventDate "1982.10.09"]
[EventType "swiss"]
[EventRounds "6"]
[EventCountry "CAN"]
[SourceTitle "EXT 2022"]
[Source "ChessBase"]
[SourceDate "2021.10.06"]
[SourceVersion "1"]
[SourceVersionDate "2021.10.06"]
[SourceQuality "1"]

1. c4 Nf6 2. Nf3 c5 3. g3 b6 4. Bg2 Bb7 5. O-O e6 6. d3 Be7 7. a3 O-O 8. Bd2 d5 9. Qc2 Nbd7 10. Rc1 Rc8 11. Be1 Qc7 12. Nbd2 Qb8 13. Rab1 Rfe8 14. Qd1 Qa8 15. b4 e5 16. cxd5 Nxd5 17. Nc4 Bf8 18. Qb3 h6 19. e4 N5f6 20. Bc3 Nxe4 21. dxe4 Bxe4 22. Nh4 g5 23. Bxe4 Qxe4 24. Re1 Qc6 25. b5 Qe6 26. Ng2 f6 27. Nge3 Re7 28. Qc2 Rh7 29. Qg6+ Rg7 30. Qf5 Qf7 31. Rbd1 Rc7 32. Rd5 Rh7 33. Red1 h5 34. Nd2 h4 35. g4 Kh8 36. Ne4 Qg7 37. Nc4 Qf7 38. a4 Qg7 39. Kf1 Qf7 40. h3 Qg7 41. f3 Qf7 42. Kg2 Qg7 43. Qe6 Qf7 44. Qxf7 Rxf7 45. Nxg5 fxg5 46. Nxe5 Nxe5 47. Bxe5+ Kg8 48. Bxc7 Rxc7 49. Rxg5+ Bg7 50. Rd6 1-0

[Event "Roger Lemelin"]
[Site "Montreal CAN"]
[Date "1982.10.11"]
[Round "6"]
[White "Morin, Louis"]
[Black "Spraggett, Kevin"]
[Result "0-1"]
[WhiteElo "1893"]
[BlackElo "2525"]
[PlyCount "66"]
[GameId "2160767912811258"]
[EventDate "1982.10.09"]
[EventType "swiss"]
[EventRounds "6"]
[EventCountry "CAN"]
[SourceTitle "EXT 2022"]
[Source "ChessBase"]
[SourceDate "2021.10.06"]
[SourceVersion "1"]
[SourceVersionDate "2021.10.06"]
[SourceQuality "1"]

1. e4 c5 2. Nf3 e6 3. d4 cxd4 4. c3 Nf6 5. e5 Nd5 6. cxd4 b6 7. Be2 Be7 8. O-O Na6 9. Nc3 Nac7 10. Ne4 O-O 11. Bg5 f6 12. exf6 gxf6 13. Bh6 Rf7 14. Nfd2 Bf8 15. Bxf8 Qxf8 16. Nc4 Ba6 17. Ne3 Bb7 18. Bf3 Rg7 19. Nc3 Nxc3 20. bxc3 Bxf3 21. Qxf3 Nb5 22. Rfc1 Rc8 23. Nd1 f5 24. Qd3 Nd6 25. c4 Qf6 26. Nb2 Rg4 27. Rd1 Qg7 28. g3 h5 29. Kf1 h4 30. Rac1 hxg3 31. fxg3 f4 32. Rc3 fxg3 33. hxg3 Ne4 0-1

[Event "Simcoe Day op"]
[Site "Toronto CAN"]
[Date "1982.07.30"]
[Round "1"]
[White "Pacey, Kevin"]
[Black "Haziprodromu, Sam"]
[Result "1-0"]
[WhiteElo "2007"]
[BlackElo "1716"]
[PlyCount "59"]
[GameId "2160767912848319"]
[EventDate "1982.07.30"]
[EventType "swiss"]
[EventRounds "5"]
[EventCountry "CAN"]

1. e4 e5 2. Nf3 Nc6 3. Bb5 a6 4. Ba4 Nf6 5. O-O Be7 6. Qe2 O-O 7. Bxc6 dxc6 8. Nxe5 Qd4 9. Nf3 Qd8 10. h3 Re8 11. d3 h6 12. Be3 a5 13. Nbd2 a4 14. Nh2 Bf8 15. f4 Ra5 16. Kh1 Qe7 17. Rae1 b5 18. Ndf3 Bb7 19. Nd4 c5 20. Nf5 Qe6 21. a3 Qa2 22. Bc1 b4 23. Ng4 Ra6 24. Nxf6+ Rxf6 25. Ne3 bxa3 26. bxa3 Ba6 27. Nd5 Rc6 28. c4 Qxe2 29. Rxe2 Rb8 30. Rb2 1-0

[Event "Simcoe Day op"]
[Site "Toronto CAN"]
[Date "1982.07.31"]
[Round "2"]
[White "Nickoloff, Bryon"]
[Black "Pacey, Kevin"]
[Result "1-0"]
[WhiteElo "2400"]
[BlackElo "2007"]
[PlyCount "71"]
[GameId "2160767912848320"]
[EventDate "1982.07.30"]
[EventType "swiss"]
[EventRounds "5"]
[EventCountry "CAN"]

1. d4 f5 2. g3 g6 3. Bg2 Nf6 4. c4 Bg7 5. Nc3 O-O 6. Nf3 d6 7. O-O c6 8. Qc2 Qc7 9. b3 a5 10. Bb2 Na6 11. Rad1 e5 12. dxe5 dxe5 13. Na4 Ne4 14. Ne1 Ng5 15. h4 Nf7 16. Ba3 Nb4 17. Bxb4 axb4 18. c5 Be6 19. Nb6 Rae8 20. Nd3 h6 21. Nxb4 g5 22. hxg5 hxg5 23. Nc4 Re7 24. Nd6 Nh6 25. Nxb7 Qxb7 26. Nxc6 e4 27. Rd6 Ree8 28. Rfd1 Qf7 29. Nd8 Qf6 30. Nxe6 Rxe6 31. Qc4 Rfe8 32. c6 Nf7 33. Rxe6 Qxe6 34. Qxe6 Rxe6 35. Rd8+ Kh7 36. c7 1-0

[Event "Simcoe Day op"]
[Site "Toronto CAN"]
[Date "1982.07.31"]
[Round "3"]
[White "Pacey, Kevin"]
[Black "Bonaventura, Vladimir"]
[Result "1-0"]
[WhiteElo "2007"]
[BlackElo "1510"]
[PlyCount "41"]
[GameId "2160767912848321"]
[EventDate "1982.07.30"]
[EventType "swiss"]
[EventRounds "5"]
[EventCountry "CAN"]

1. e4 c5 2. c3 e5 3. Nf3 Nf6 4. Nxe5 Qe7 5. Nf3 Qxe4+ 6. Be2 Bd6 7. O-O O-O 8. Re1 Qc6 9. d4 b5 10. Ne5 Bxe5 11. dxe5 Ne4 12. Bf3 f5 13. exf6 d5 14. fxg7 Rf7 15. Nd2 Bf5 16. Nxe4 dxe4 17. Bg4 Qg6 18. Bh5 Qxg7 19. Bxf7+ Qxf7 20. Qd8+ Kg7 21. Bf4 1-0

[Event "Simcoe Day op"]
[Site "Toronto CAN"]
[Date "1982.08.01"]
[Round "4"]
[White "Southam, David"]
[Black "Pacey, Kevin"]
[Result "1/2-1/2"]
[WhiteElo "1607"]
[BlackElo "2007"]
[PlyCount "65"]
[GameId "2160767912848323"]
[EventDate "1982.07.30"]
[EventType "swiss"]
[EventRounds "5"]
[EventCountry "CAN"]

1. d4 f5 2. e4 fxe4 3. Nc3 Nf6 4. Bg5 Nc6 5. f3 e5 6. d5 Nd4 7. Nxe4 Be7 8. c3 Nxe4 9. Bxe7 Qxe7 10. fxe4 Qh4+ 11. Kd2 Qf4+ 12. Kd3 Nb5 13. Qd2 Qxd2+ 14. Kxd2 Nd6 15. Bd3 c5 16. Nf3 Nf7 17. Rhf1 d6 18. a4 Bg4 19. a5 Bd7 20. Nh4 Nh6 21. Ke2 Ke7 22. Kd2 g6 23. Nf3 Nf7 24. Ke3 Rhc8 25. Nd2 Rf8 26. Nf3 Rac8 27. Bc4 Ra8 28. Bd3 Rfb8 29. Rf2 Rf8 30. Rff1 Rfb8 31. Rf2 Rf8 32. Rff1 Rfb8 33. Rf2 1/2-1/2

[Event "Simcoe Day op"]
[Site "Toronto CAN"]
[Date "1982.08.01"]
[Round "5"]
[White "Pacey, Kevin"]
[Black "Paszkowski, Chester"]
[Result "0-1"]
[WhiteElo "2007"]
[BlackElo "1625"]
[PlyCount "34"]
[GameId "2160767912848324"]
[EventDate "1982.07.30"]
[EventType "swiss"]
[EventRounds "5"]
[EventCountry "CAN"]

1. e4 d6 2. d4 g6 3. c4 Nf6 4. Nc3 Bg7 5. g3 O-O 6. Bg2 Nbd7 7. Nge2 Re8 8. O-O c5 9. dxc5 Nxc5 10. Rb1 Bd7 11. b4 Ne6 12. e5 dxe5 13. Bxb7 Rb8 14. Bg2 Qc8 15. c5 Rd8 16. Qe1 Nd4 17. Rb2 Rxb4 0-1

[Event "Specialiste"]
[Site "Montreal CAN"]
[Date "1982.03.20"]
[Round "2"]
[White "Raymond, Joseph"]
[Black "Morin, Louis"]
[Result "0-1"]
[WhiteElo "1597"]
[BlackElo "1863"]
[PlyCount "123"]
[GameId "2160767912848655"]
[EventDate "1982.03.19"]
[EventType "swiss"]
[EventRounds "5"]
[EventCountry "CAN"]
[SourceTitle "hb 2013"]

1. e4 Nf6 2. e5 Nd5 3. c4 Nb6 4. d4 d6 5. f4 dxe5 6. fxe5 Nc6 7. Nf3 Bg4 8. Be2 e6 9. O-O Qd7 10. Bg5 Bxf3 11. Bxf3 Nxc4 12. Qb3 Qxd4+ 13. Kh1 N6a5 14. Bxb7 Nxb3 15. Bc6+ Qd7 16. Bxd7+ Kxd7 17. Rd1+ Ke8 18. axb3 Nxe5 19. Rxa7 Rb8 20. Rb7 Ra8 21. Rxc7 f6 22. Bf4 Ng6 23. Be3 Ra1 24. Rcd7 Be7 25. b4 Rxb1 26. Rxe7+ Nxe7 27. Rxb1 Nd5 28. Bc5 Kd7 29. Ra1 Rc8 30. Ra7+ Rc7 31. b5 Rxa7 32. Bxa7 Kc8 33. Bc5 Kb7 34. b4 Nc7 35. b6 Nd5 36. Kg1 Nxb6 37. Kf2 Kc6 38. Ke2 Nd5 39. Kd3 Kb5 40. Kd4 Nxb4 41. Bf8 g6 42. Bg7 Nd5 43. g4 g5 44. Bf8 Kc6 45. Bc5 Kd7 46. Ke4 Ke8 47. Bf2 Kf7 48. h4 h6 49. h5 Ne7 50. Bd4 Nc6 51. Bc3 Ne5 52. Bxe5 fxe5 53. Kxe5 Ke7 54. Ke4 Kd6 55. Kd4 e5+ 56. Ke4 Ke6 57. Ke3 Kd5 58. Kd3 e4+ 59. Ke3 Ke5 60. Ke2 Kf4 61. Kf2 Kxg4 62. Ke3 0-1

[Event "Specialiste"]
[Site "Montreal CAN"]
[Date "1982.03.20"]
[Round "3"]
[White "Morin, Louis"]
[Black "Daigle, Sylvain"]
[Result "1-0"]
[WhiteElo "1863"]
[BlackElo "1465"]
[PlyCount "45"]
[GameId "2160767912848658"]
[EventDate "1982.03.19"]
[EventType "swiss"]
[EventRounds "5"]
[EventCountry "CAN"]
[SourceTitle "hb 2013"]

1. e4 c5 2. Nf3 e6 3. d4 cxd4 4. c3 Nf6 5. e5 Nd5 6. Bc4 Qc7 7. Bxd5 exd5 8. Qxd4 Qc4 9. Qxc4 dxc4 10. Bf4 Nc6 11. O-O b5 12. a4 Ba6 13. axb5 Bxb5 14. Nbd2 Bc5 15. Ne4 Be7 16. Rfd1 O-O-O 17. Bg5 Rhe8 18. Bxe7 Rxe7 19. Nd6+ Kb8 20. Nxb5 Nxe5 21. Nxe5 Rxe5 22. Nd6 Ka8 23. Nxf7 1-0

[Event "Specialiste"]
[Site "Montreal CAN"]
[Date "1982.03.21"]
[Round "4"]
[White "Caron, Gaetan"]
[Black "Morin, Louis"]
[Result "1/2-1/2"]
[WhiteElo "1509"]
[BlackElo "1863"]
[PlyCount "96"]
[GameId "2160767912848660"]
[EventDate "1982.03.19"]
[EventType "swiss"]
[EventRounds "5"]
[EventCountry "CAN"]
[SourceTitle "hb 2013"]

1. c4 e6 2. Nc3 Nf6 3. g3 d5 4. d4 Bd7 5. Bg2 Bc6 6. c5 a5 7. Nf3 Nfd7 8. Be3 Na6 9. Bf4 f6 10. O-O g5 11. Be3 h5 12. h4 g4 13. Ne1 b6 14. cxb6 cxb6 15. Rc1 Ndb8 16. Qb3 b5 17. a3 Qd7 18. Nd3 b4 19. axb4 axb4 20. Nb1 Ba4 21. Qa2 b3 22. Qa1 Nb4 23. Nxb4 Bxb4 24. Nc3 Bc6 25. Qb1 Qh7 26. Qxh7 Rxh7 27. Bd2 Bd6 28. Rfd1 Rha7 29. e4 Bd7 30. exd5 e5 31. dxe5 Bxe5 32. Re1 Na6 33. Bf4 Nb4 34. Bxe5 fxe5 35. Rxe5+ Kf7 36. Re2 Nd3 37. Rd1 Ra1 38. Red2 Ne1 39. Rxa1 Rxa1 40. Rd1 Rxd1 41. Nxd1 Bf5 42. d6 Ke6 43. d7 Kxd7 44. Bd5 Be6 45. Bxe6+ Kxe6 46. Kf1 Nf3 47. Ke2 Kd5 48. Kd3 Ke5 1/2-1/2

[Event "Specialiste"]
[Site "Montreal CAN"]
[Date "1982.03.21"]
[Round "5"]
[White "Morin, Louis"]
[Black "Balla, Odon"]
[Result "1-0"]
[WhiteElo "1863"]
[BlackElo "1494"]
[PlyCount "57"]
[GameId "2160767912848664"]
[EventDate "1982.03.19"]
[EventType "swiss"]
[EventRounds "5"]
[EventCountry "CAN"]
[SourceTitle "hb 2013"]

1. e4 e5 2. Nf3 Nc6 3. Bb5 Bc5 4. O-O a6 5. Bxc6 bxc6 6. Nxe5 Bd6 7. Nf3 c5 8. d3 Nh6 9. Nc3 Ng4 10. e5 Be7 11. h3 h5 12. hxg4 hxg4 13. Nh2 g3 14. fxg3 d6 15. Qf3 Be6 16. Nd5 Kd7 17. Nxe7 Qxe7 18. exd6 Qxd6 19. Bf4 Qc6 20. Qxc6+ Kxc6 21. Nf3 f6 22. b3 Rad8 23. Kf2 Rd7 24. Rh1 Rb8 25. Rae1 Bf5 26. Re2 a5 27. a4 Bxd3 28. cxd3 Rxb3 29. d4 1-0

[Event "Specialiste 2"]
[Site "Montreal CAN"]
[Date "1982.10.22"]
[Round "1"]
[White "Morin, Louis"]
[Black "Theberge, Jean-Francois"]
[Result "1-0"]
[WhiteElo "1993"]
[BlackElo "1634"]
[PlyCount "87"]
[GameId "2160767912811220"]
[EventDate "1982.10.22"]
[EventType "swiss"]
[EventRounds "5"]
[EventCountry "CAN"]
[SourceTitle "hb 2013"]

1. e4 e6 2. d4 d5 3. e5 c5 4. c3 Nc6 5. Nf3 Qb6 6. Be2 Bd7 7. O-O Rc8 8. dxc5 Bxc5 9. b4 Be7 10. Be3 Qc7 11. Na3 f6 12. Nb5 Qb8 13. exf6 Nxf6 14. Nfd4 Nxd4 15. Bxd4 a6 16. Na7 Rd8 17. Bb6 O-O 18. b5 Rde8 19. bxa6 bxa6 20. Rb1 Qd6 21. c4 Ne4 22. Qd4 Bf6 23. c5 Bxd4 24. cxd6 Nc3 25. Bxa6 Nxb1 26. Bxd4 Nd2 27. Rd1 Ne4 28. f3 Ng5 29. Rc1 e5 30. Rc7 Bf5 31. Bc5 Ne6 32. Rc6 Nxc5 33. Rxc5 Ra8 34. Rc7 Rfd8 35. Bb7 Rab8 36. Nc6 Kf8 37. Nxb8 Rxb8 38. Bxd5 Bg6 39. Kf2 Rd8 40. Rc6 Bf7 41. Bxf7 Kxf7 42. Rc7+ Kf6 43. d7 Ke6 44. Ra7 1-0